Top 100 Boys Names - France (2021) - Statistics

General Stats
  • This quiz has been taken 126 times
  • The average score is 25 of 100
Answer Stats
Hint Answer % Correct
4 Louis
73%
2 Léo
71%
10 Lucas
71%
18 Paul
70%
85 Thomas
69%
91 Charles
64%
27 Théo
63%
77 Noa
60%
32 Victor
56%
11 Hugo
55%
70 Alexandre
54%
1 Gabriel
54%
16 Léon
54%
49 Samuel
51%
24 Tom
51%
43 Antoine
50%
19 Nathan
50%
5 Arthur
49%
13 Liam
48%
23 Ethan
46%
6 Jules
45%
8 Noah
45%
3 Raphaël
45%
35 Martin
44%
80 Joseph
40%
90 Charlie
39%
78 Charly
39%
73 Oscar
39%
9 Adam
38%
17 Isaac
38%
20 Noé
38%
57 Simon
35%
22 Mohamed
30%
65 Evan
29%
72 Maxime
29%
96 Timothée
28%
63 Clément
26%
38 Axel
25%
71 Baptiste
24%
42 Enzo
24%
59 Mathéo
24%
15 Aaron
23%
47 Valentin
23%
74 Maé
21%
34 Milo
21%
87 Ali
20%
94 Andrea
19%
44 Nolan
19%
7 Maël
18%
31 Mathis
18%
60 Maxence
18%
69 Owen
18%
14 Sacha
18%
62 Camille
15%
46 Gaspard
15%
52 Ibrahim
15%
56 Yanis
15%
45 Augustin
14%
84 Diego
14%
12 Gabin
14%
92 Auguste
13%
21 Eden
13%
25 Malo
13%
67 Pablo
13%
37 Robin
13%
36 Tiago
13%
54 Elio
11%
28 Marius
11%
99 Milan
11%
97 Roméo
11%
68 Ismaël
10%
51 Rayan
10%
39 Timéo
10%
41 Eliott
9%
61 Léandre
9%
48 Amir
8%
33 Ayden
8%
82 Lenny
8%
30 Marceau
8%
29 Nino
8%
79 Basile
5%
89 Marin
5%
26 Naël
5%
64 Alessio
4%
50 Côme
4%
75 Mahé
4%
88 Noam
4%
58 Kaïs
3%
66 Soan
3%
95 Ilyes
1%
86 Kayden
1%
81 Livio
1%
40 Lyam
1%
76 Naïm
1%
55 Sohan
1%
98 Anas
0%
93 Aylan
0%
83 Ilyan
0%
53 Imran
0%
100 Maylone
0%
No matching quizzes found
Score Distribution
Percent of People with Each Score
Percentile by Number Answered
Your Score History
You have not taken this quiz